000 01589nam a2200289 a 4500
001 000033174
005 20200930070057.0
008 110818s2011 dr 000 0 spa d
020 _a9789993478645
040 _aDO-SdBNP
_bspa
_cBNPHU
082 _a343.097
_bO77m
100 1 _aOrtega Vergés, Carlos Miguel,
_d1969-
_958815
245 1 3 _aManual de derecho aeronáutico /
_cCarlos M. Ortega Vergés.
260 _aSanto Domingo :
_bLibrería Jurídica Internacional,
_c2011.
300 _a181 p. :
_bil.,retrs. ;
_c24 cm.
500 _aIncluye convenio sobre la aviación civil internacional y Ley nº. 491-06, de aviación civil (G.O. Nº. 10399, del 28 de diciembre de 2006).
500 _aIncluye datos biográficos del autor en la solapa de la cubierta.
504 _aIncluye bibliografía y notas al pie de páginas.
505 0 _gIntroducción --
_tAntecedentes históricos, objeto y definición de derecho aeronáutico --
_tAntecedentes de la aviación en República Dominicana --
_tLegislaciones basadas en el derecho aeronáutico en la República Dominicana --
_tConvenios internacionales concernientes al derecho aeronáutico y sus alcances --
_aOrganismos internacionales regentes de la aviación mundial --
_gAnexos.
590 _aInventariado, 2018/VM
650 4 _aAeropuertos
_xLegislación
_zRepública Dominicana
_911695
650 4 _aDerecho aéreo
_zRepública Dominicana
_911696
650 4 _aEspacio aéreo (derecho)
_911697
650 4 _aAviación comercial
_911698
650 4 _aReglamento del tráfico aéreo
_911699
910 _aValidado. Control de calidad EMS
999 _c32665
_d32665